00533nam a2200169Ia 4500003000400000005001700004008004000021020001800061040000700079041001200086082001600098100007900114245005000193260004900243300000800292650006300300OSt20250225093909.0210210b2002 xxu||||| |||| 00| 0 eng d a81 7302 571 1 cAL aKannada aK894.9 PRAH aPRADHAN GURUDATTA, Samp.d ಪ್ರಧಾನ್ ಗುರುದತ್ತ. aHa. Ma. Nayaka b.ಹಾ.ಮಾ.ನಾಯಕ  aBengaluru.bNavakarnataka Prakashana.,c2002 a121 aNavakarnataka Kendra Sahitya Akademi PrashastiHa Ma Nayaka